Data conversion within homogeneous and heterogeneous sources and their accessibility in a wide-area-network / (Record no. 9216)
[ view plain ]
| 000 -LEADER | |
|---|---|
| fixed length control field | 00521 a2200133 4500 |
| 003 - CONTROL NUMBER IDENTIFIER | |
| control field | NUST |
| 082 ## - DEWEY DECIMAL CLASSIFICATION NUMBER | |
| Classification number | 200 |
| 100 ## - MAIN ENTRY--PERSONAL NAME | |
| Personal name | Muhammad Waseem Hassan. |
| 9 (RLIN) | 126568 |
| 245 ## - TITLE STATEMENT | |
| Title | Data conversion within homogeneous and heterogeneous sources and their accessibility in a wide-area-network / |
| Statement of responsibility, etc. | Muhammad Waseem Hassan. |
| 260 ## - PUBLICATION, DISTRIBUTION, ETC. | |
| Place of publication, distribution, etc. | Bristol : |
| Name of publisher, distributor, etc. | University of the West of England, |
| Date of publication, distribution, etc. | 2003. |
| 300 ## - PHYSICAL DESCRIPTION | |
| Extent | 144 p. : |
| Other physical details | ill. ; |
| Dimensions | 27 cm. + |
| Accompanying material | CD-ROM. |
| 500 ## - GENERAL NOTE | |
| General note | Supervisors: Dr. Richard McClatchey, Dr. Arshad Ali, Dr. Ian Willers. |
| 942 ## - ADDED ENTRY ELEMENTS (KOHA) | |
| Koha item type | Thesis |
| Source of classification or shelving scheme | |
| Withdrawn status | Lost status | Source of classification or shelving scheme | Damaged status | Not for loan | Permanent Location | Current Location | Shelving location | Date acquired | Full call number | Barcode | Date last seen | Price effective from | Koha item type |
|---|---|---|---|---|---|---|---|---|---|---|---|---|---|
| Central Library (CL) | Central Library (CL) | Thesis | 10/29/2024 | 200 | CL-T-6460 | 11/14/2012 | 11/14/2012 | Thesis |
